Computational electrodynamics (Record no. 16119)

MARC details
000 -LEADER
fixed length control field 00761nam a2200229Ia 4500
003 - CONTROL NUMBER IDENTIFIER
control field IN-BaIIA
008 - FIXED-LENGTH DATA ELEMENTS--GENERAL INFORMATION
fixed length control field 211028s9999 xx 000 0 eng d
020 ## - INTERNATIONAL STANDARD BOOK NUMBER
International Standard Book Number 1-58053-832-0
040 ## - CATALOGING SOURCE
Transcribing agency IIA Library
080 ## - UNIVERSAL DECIMAL CLASSIFICATION NUMBER
Universal Decimal Classification number 537.8
Item number TAF
100 ## - MAIN ENTRY--PERSONAL NAME
Personal name Taflove, Allen
9 (RLIN) 29828
245 #0 - TITLE STATEMENT
Title Computational electrodynamics
Remainder of title the finite-difference time-domain method
Statement of responsibility, etc. Allen Taflove and Susan C. Hagness
250 ## - EDITION STATEMENT
Edition statement 3rd ed.
260 ## - PUBLICATION, DISTRIBUTION, ETC.
Place of publication, distribution, etc. Boston
Name of publisher, distributor, etc. Artech House
Date of publication, distribution, etc. 2005
300 ## - PHYSICAL DESCRIPTION
Extent xxii, 1006p.
490 ## - SERIES STATEMENT
Series statement Artech house antennas and propagation library
650 ## - SUBJECT ADDED ENTRY--TOPICAL TERM
Topical term or geographic name entry element Electromagnetism
9 (RLIN) 540
650 ## - SUBJECT ADDED ENTRY--TOPICAL TERM
Topical term or geographic name entry element Maxwell equations
9 (RLIN) 29829
650 ## - SUBJECT ADDED ENTRY--TOPICAL TERM
Topical term or geographic name entry element Numerical solutions
9 (RLIN) 10928
700 ## - ADDED ENTRY--PERSONAL NAME
Personal name Hagness, Susan C.
9 (RLIN) 29830
942 ## - ADDED ENTRY ELEMENTS (KOHA)
Koha item type Books
Holdings
Withdrawn status Lost status Damaged status Not for loan Home library Current library Shelving location Date acquired Source of acquisition Cost, normal purchase price Total Checkouts Full call number Barcode Date last seen Cost, replacement price Price effective from Koha item type Purchase Price
        IIA Library-Bangalore IIA Library-Bangalore General Stacks 08/03/2006 TBH 6606.20   537.8/ TAF 17041 05/11/2021 6606.20 08/03/2006 Books Rs. 6606.20

Powered by Koha